| 000 | 00362nam a2200133Ia 4500 | ||
|---|---|---|---|
| 008 | 260604s9999 xx 000 0 und d | ||
| 020 | _a9781639879236 | ||
| 082 | _a330 BOU | ||
| 100 |
_aEve boulonne _935699 |
||
| 245 | 0 | _aModeling and Simulation in Economics: Volume II 2025 | |
| 260 | _bMurphy & Moore Publishing | ||
| 500 | _aEconomy, Simulation | ||
| 942 | _cBK | ||
| 999 |
_c8541 _d8541 |
||